00518nam a2200193Ia 4500003000400000005001700004008004100021020002200062040000700084041000800091082002300099100003300122245007300155250000600228260004400234300001600278365001300294650001700307OSt20230408111004.0210423s2010 xx 000 0 und d a978-0-521-17874-7 cAL aeng a574.192 223bWILP aWILSON (Keith);WALKER (John) aPrinciples and techniques of biochemistry and molecular biology Ed 7 a7 aDelhibCambridge University Pressc2010 axvi,744bPB b595cINR aBiochemistry